000 00862cam a22002654a 4500
001 12804211
005 20250117130007.0
008 020606s2003 paua b 001 0 eng
020 _a9780721600086
050 0 0 _aQR185.5
_b.A23 2003
082 0 0 _a616.07/9
_221
100 1 _aAbbas, Abul K.
245 1 0 _aCellular and molecular immunology /
_cAbul K. Abbas, Andrew H. Lichtman ; illustrations by David L. Baker, Alexandra Baker.
250 _a5th ed.
260 _aPhiladelphia :
_bSaunders,
_cc2003.
300 _a562 p. :
_bcol. ill. ;
_c28 cm.
650 0 _aCellular immunity.
650 0 _aMolecular immunology.
650 1 2 _aImmunity, Cellular.
650 2 2 _aAntibody Formation
_ximmunology.
650 2 2 _aAntigens
_ximmunology.
650 2 2 _aImmunologic Diseases
_ximmunology.
650 2 2 _aLymphocytes
_ximmunology.
942 _2lcc
_cBK
_e5th ed.
_n0
999 _c2629
_d2629